Statistics for Race-to-Nine Word Puzzle #14

Click here to take the quiz!

General Stats

  • This quiz has been taken 1,673 times
  • The average score is 4 of 7

Answer Stats

#Answer% Correct
3Are, Ear, Era
100%
4Ares, Arse, Ears, Eras, Rase, Sear, Sera
100%
5Earns, Nares, Nears, Saner, Snare
97%
6Arisen, Arsine
50%
7Marines, Remains, Seminar
39%
8Aneurism
10%
9Semiurban, Submarine
9%

Score Distribution

Percentile by Number Answered

Percent of People with Each Score

Your Score History

You have not taken this quiz